000 00649nam a2200229Ia 4500
001 5057
003 GE_BSU
008 181216s||||||||xx |||||||||||||| ||und||
040 _cGE_BSU
080 _a624.04
100 _aСнитко,Н.К.
245 _aСтроительная механика.
245 _bУчебник.
245 _cРед. Т.М.Минаева.
250 _aИзд. 2-е, перераб.
260 _aМ.
260 _bВысшая школа.
260 _c1972.
300 _a487 стр. с илл. 22 см. Библиогр.: стр.482.
653 _aСтроительная механика.
942 _cBK
999 _c38740
_d38740